000 00803nam a22002177a 4500
008 090211t xxu||||| |||| 00| 0 eng d
010 _aENG-92939
020 _c125.00
_a8190327453
035 _aEN-76472
037 _bDBAD / PUB
040 _adpl
_bEnglish
082 _a005.74
100 _aSanthi, N.
245 _aDatabase management systems /
_cby N. Santhi
260 _aChennai
_bWorld Book Publications
_c20078
270 _a#47, Noor Veerasamy Street, Nungambakkam,
_bChennai
_e600034
300 _a174p.
_c22cm (pbk)
650 _aDatabase management.
942 _2ddc
_cEN
_mSAN
_h005.74
999 _c23440
_d23440